[Event "Королевский Гамбит. Южный Федеральный округ."]
[Date "2025-11-21"]
[Round "4.2"]
[Board "2"]
[White "Забелло Дмитрий"]
[WhiteElo "980"]
[Black "Харьковский Назар"]
[BlackElo "1011"]
[WebSite "https://www.chessopen.ru"]
[GameId "ae3f4ce6-b9ee-45b7-93b5-85daa3d32feb"]
[Result "0-1"]

1. e4 { [%clk 0:10:00] } e5 { [%clk 0:10:02] } 2. Bc4 { [%clk 0:10:01] } Nf6 {
[%clk 0:10:02] } 3. Qe2 { [%clk 0:09:58] } Nc6 { [%clk 0:10:02] } 4. Bb3 {
[%clk 0:09:57] } Bb4 { [%clk 0:10:00] } 5. Qc4 { [%clk 0:09:57] } O-O { [%clk
0:09:52] } 6. Nh3 { [%clk 0:09:41] } h6 { [%clk 0:09:50] } 7. O-O { [%clk
0:09:07] } d6 { [%clk 0:09:29] } 8. c3 { [%clk 0:08:37] } Bxh3 { [%clk 0:09:27]
} 9. gxh3 { [%clk 0:08:35] } Ba5 { [%clk 0:09:23] } 10. Na3 { [%clk 0:07:50] }
Ne8 { [%clk 0:09:19] } 11. d3 { [%clk 0:07:14] } Qg5+ { [%clk 0:09:14] } 12.
Bxg5 { [%clk 0:07:06] } hxg5 { [%clk 0:09:13] } 13. d4 { [%clk 0:06:45] } exd4
{ [%clk 0:09:13] } 14. cxd4 { [%clk 0:06:46] } Nf6 { [%clk 0:09:06] } 15. Nb5 {
[%clk 0:06:34] } Nxe4 { [%clk 0:09:05] } 16. Nxc7 { [%clk 0:06:20] } Nd2 {
[%clk 0:09:02] } 17. Qe2 { [%clk 0:05:58] } Nxf1 { [%clk 0:09:00] } 18. Qxf1 {
[%clk 0:05:57] } Rac8 { [%clk 0:08:59] } 19. Bc2 { [%clk 0:05:43] } Rxc7 {
[%clk 0:08:56] } 20. Bb1 { [%clk 0:05:37] } Nxd4 { [%clk 0:08:51] } 21. Qd3 {
[%clk 0:05:33] } g6 { [%clk 0:08:35] } 22. Qxd4 { [%clk 0:04:37] } Bb6 { [%clk
0:08:33] } 23. Bd3 { [%clk 0:04:28] } Bxd4 { [%clk 0:08:32] } 24. Bb5 { [%clk
0:04:15] } Bxb2 { [%clk 0:08:32] } 25. Rd1 { [%clk 0:04:07] } Rc2 { [%clk
0:08:26] } 26. Rxd6 { [%clk 0:03:56] } Ba3 { [%clk 0:08:21] } 27. Rd3 { [%clk
0:03:27] } Rc1+ { [%clk 0:08:19] } 28. Kg2 { [%clk 0:03:19] } Bc5 { [%clk
0:08:19] } 29. Rg3 { [%clk 0:02:54] } Rc2 { [%clk 0:08:19] } 30. Rxg5 { [%clk
0:02:38] } Rxf2+ { [%clk 0:08:19] } 31. Kg1 { [%clk 0:02:34] } Rf5+ { [%clk
0:08:20] } 32. Kg2 { [%clk 0:02:15] } Rxg5+ { [%clk 0:08:20] } 33. Kf3 { [%clk
0:02:06] } Rd8 { [%clk 0:08:16] } 34. h4 { [%clk 0:02:01] } Rf5+ { [%clk
0:08:12] } 35. Kg4 { [%clk 0:02:00] } Rd4+ { [%clk 0:08:12] } 36. Kg3 { [%clk
0:01:58] } a6 { [%clk 0:08:08] } 37. Bd7 { [%clk 0:01:53] } Bd6+ { [%clk
0:08:09] } 38. Kh3 { [%clk 0:01:42] } Ra5 { [%clk 0:08:09] } 39. Bg4 { [%clk
0:01:29] } Ra3+ { [%clk 0:08:09] } 40. Bf3 { [%clk 0:01:24] } Rxf3+ { [%clk
0:08:09] } 41. Kg2 { [%clk 0:01:25] } Rc3 { [%clk 0:08:08] } 42. Kf2 { [%clk
0:01:23] } Rd2+ { [%clk 0:08:09] } 43. Ke1 { [%clk 0:01:23] } Bf4 { [%clk
0:08:10] } 44. Kf1 { [%clk 0:01:21] } Rc1# { [%clk 0:08:11] } 0-1

[Event "Королевский Гамбит. Южный Федеральный округ."]
[Date "2025-11-21"]
[Round "4.2"]
[Board "2"]
[White "Игнатьев Тимофей"]
[WhiteElo "980"]
[Black "Рочвак Артём"]
[BlackElo "1000"]
[WebSite "https://www.chessopen.ru"]
[GameId "edfcdfac-a10c-40a9-a4ff-10edccf60860"]
[Result "0-1"]

1. e3 { [%clk 0:09:57] } e5 { [%clk 0:10:00] } 2. Bc4 { [%clk 0:09:54] } Nc6 {
[%clk 0:09:58] } 3. Qh5 { [%clk 0:09:54] } Qf6 { [%clk 0:09:53] } 4. f4 { [%clk
0:09:47] } exf4 { [%clk 0:09:52] } 5. exf4 { [%clk 0:09:48] } Qe7+ { [%clk
0:09:51] } 6. Ne2 { [%clk 0:09:30] } Nf6 { [%clk 0:09:49] } 7. Qf3 { [%clk
0:09:24] } d6 { [%clk 0:09:37] } 8. d4 { [%clk 0:09:22] } Na5 { [%clk 0:09:29]
} 9. Bd2 { [%clk 0:09:16] } Nxc4 { [%clk 0:09:23] } 10. b4 { [%clk 0:09:10] }
Bg4 { [%clk 0:09:22] } 11. Qxb7 { [%clk 0:09:08] } Qxe2# { [%clk 0:09:22] } 0-1

[Event "Королевский Гамбит. Южный Федеральный округ."]
[Date "2025-11-21"]
[Round "4.2"]
[Board "2"]
[White "Коростылев Марк"]
[WhiteElo "1008"]
[Black "Кобызев Артём"]
[BlackElo "971"]
[WebSite "https://www.chessopen.ru"]
[GameId "d97f27b5-66dd-42dd-b25f-0d88ff3c6273"]
[Result "1-0"]

1. e4 { [%clk 0:10:01] } e5 { [%clk 0:10:00] } 2. Nf3 { [%clk 0:10:03] } Nc6 {
[%clk 0:10:01] } 3. Nc3 { [%clk 0:10:04] } Nf6 { [%clk 0:10:01] } 4. Bc4 {
[%clk 0:10:05] } Bc5 { [%clk 0:10:00] } 5. d3 { [%clk 0:10:06] } h6 { [%clk
0:09:58] } 6. O-O { [%clk 0:10:05] } O-O { [%clk 0:09:59] } 7. Nd5 { [%clk
0:10:03] } Nxd5 { [%clk 0:09:58] } 8. Bxd5 { [%clk 0:10:03] } d6 { [%clk
0:09:55] } 9. Bd2 { [%clk 0:09:40] } Nd4 { [%clk 0:09:51] } 10. Nxd4 { [%clk
0:09:30] } Bxd4 { [%clk 0:09:49] } 11. c3 { [%clk 0:09:28] } Bc5 { [%clk
0:09:46] } 12. b4 { [%clk 0:09:27] } Bb6 { [%clk 0:09:44] } 13. Qf3 { [%clk
0:09:19] } Qd7 { [%clk 0:09:30] } 14. h3 { [%clk 0:09:07] } a5 { [%clk 0:09:25]
} 15. Qg3 { [%clk 0:08:56] } axb4 { [%clk 0:08:55] } 16. Bxh6 { [%clk 0:08:54]
} Qe7 { [%clk 0:08:40] } 17. Qxg7# { [%clk 0:08:49] } 1-0

[Event "Королевский Гамбит. Южный Федеральный округ."]
[Date "2025-11-21"]
[Round "4.2"]
[Board "2"]
[White "Медведев Назар"]
[WhiteElo "991"]
[Black "Краль Ян"]
[BlackElo "1029"]
[WebSite "https://www.chessopen.ru"]
[GameId "6f62e94f-4265-412d-b6cd-b1ce708da70a"]
[Result "0-1"]

1. e4 { [%clk 0:09:57] } e6 { [%clk 0:10:00] } 2. Nf3 { [%clk 0:09:52] } d5 {
[%clk 0:09:58] } 3. Ne5 { [%clk 0:09:51] } Bd6 { [%clk 0:09:51] } 4. Nf3 {
[%clk 0:09:44] } dxe4 { [%clk 0:09:52] } 5. Nd4 { [%clk 0:09:37] } Bxh2 { [%clk
0:09:42] } 6. Rxh2 { [%clk 0:09:25] } Qxd4 { [%clk 0:09:42] } 7. c3 { [%clk
0:09:20] } Qf6 { [%clk 0:09:41] } 8. d3 { [%clk 0:09:01] } Nc6 { [%clk 0:09:35]
} 9. dxe4 { [%clk 0:08:47] } Nge7 { [%clk 0:09:14] } 10. Rh3 { [%clk 0:08:35] }
e5 { [%clk 0:09:09] } 11. Rg3 { [%clk 0:08:21] } Ng6 { [%clk 0:09:05] } 12. Bg5
{ [%clk 0:08:12] } Qe6 { [%clk 0:09:03] } 13. Bb5 { [%clk 0:08:01] } f6 { [%clk
0:08:55] } 14. Be3 { [%clk 0:07:55] } Bd7 { [%clk 0:08:51] } 15. Nd2 { [%clk
0:07:41] } a6 { [%clk 0:08:45] } 16. Bc4 { [%clk 0:07:38] } Qe7 { [%clk
0:08:44] } 17. Qh5 { [%clk 0:07:20] } O-O-O { [%clk 0:08:38] } 18. b4 { [%clk
0:07:07] } Nf4 { [%clk 0:08:34] } 19. Bxf4 { [%clk 0:07:02] } exf4 { [%clk
0:08:37] } 20. Rd3 { [%clk 0:06:45] } g6 { [%clk 0:08:35] } 21. Qf3 { [%clk
0:06:39] } Ne5 { [%clk 0:08:34] } 22. Qxf4 { [%clk 0:06:37] } Nxd3+ { [%clk
0:08:16] } 23. Bxd3 { [%clk 0:06:15] } g5 { [%clk 0:08:12] } 24. Qe3 { [%clk
0:06:09] } Be6 { [%clk 0:08:01] } 25. Qa7 { [%clk 0:05:24] } Qd6 { [%clk
0:07:21] } 26. Qd4 { [%clk 0:04:24] } Qxd4 { [%clk 0:07:19] } 27. cxd4 { [%clk
0:04:23] } Rxd4 { [%clk 0:07:16] } 28. Bc2 { [%clk 0:04:04] } Rxb4 { [%clk
0:07:14] } 29. a3 { [%clk 0:03:53] } Rb2 { [%clk 0:07:05] } 30. Kd1 { [%clk
0:03:32] } Rd8 { [%clk 0:06:57] } 31. Kc1 { [%clk 0:03:27] } Rb6 { [%clk
0:06:44] } 32. a4 { [%clk 0:02:56] } Rc6 { [%clk 0:06:40] } 33. a5 { [%clk
0:02:36] } Bc4 { [%clk 0:06:38] } 34. Nxc4 { [%clk 0:01:48] } Rxc4 { [%clk
0:06:17] } 35. Ra3 { [%clk 0:01:26] } Rdd4 { [%clk 0:06:14] } 36. f3 { [%clk
0:01:18] } Rd6 { [%clk 0:06:11] } 37. g3 { [%clk 0:01:00] } Rdc6 { [%clk
0:06:09] } 38. Ra2 { [%clk 0:00:53] } Rxc2+ { [%clk 0:06:04] } 39. Rxc2 { [%clk
0:00:48] } Rxc2+ { [%clk 0:06:06] } 40. Kxc2 { [%clk 0:00:48] } Kd7 { [%clk
0:06:06] } 41. Kc3 { [%clk 0:00:48] } b6 { [%clk 0:06:07] } 42. Kb4 { [%clk
0:00:28] } c5+ { [%clk 0:06:05] } 43. Kc4 { [%clk 0:00:23] } Kc6 { [%clk
0:05:56] } 44. axb6 { [%clk 0:00:18] } Kxb6 { [%clk 0:05:59] } 45. f4 { [%clk
0:00:10] } gxf4 { [%clk 0:05:56] } 46. gxf4 { [%clk 0:00:11] } a5 { [%clk
0:05:58] } 47. e5 { [%clk 0:00:10] } fxe5 { [%clk 0:05:59] } 48. fxe5 { [%clk
0:00:09] } Kc6 { [%clk 0:05:55] } 0-1

[Event "Королевский Гамбит. Южный Федеральный округ."]
[Date "2025-11-21"]
[Round "4.2"]
[Board "2"]
[White "Хачатуров Илья"]
[WhiteElo "1009"]
[Black "Гончаров Никита"]
[BlackElo "1030"]
[WebSite "https://www.chessopen.ru"]
[GameId "b39cf9db-9a94-45a6-a8d3-f34bbb7db109"]
[Result "1-0"]

1. d4 { [%clk 0:10:00] } g6 { [%clk 0:09:59] } 2. c4 { [%clk 0:09:56] } Bg7 {
[%clk 0:09:59] } 3. Nf3 { [%clk 0:09:57] } d6 { [%clk 0:09:57] } 4. g3 { [%clk
0:09:58] } Nf6 { [%clk 0:09:57] } 5. Bg2 { [%clk 0:10:00] } O-O { [%clk
0:09:57] } 6. O-O { [%clk 0:10:01] } Bg4 { [%clk 0:09:49] } 7. Nc3 { [%clk
0:09:56] } Bxf3 { [%clk 0:09:46] } 8. Bxf3 { [%clk 0:09:41] } Nc6 { [%clk
0:09:26] } 9. b3 { [%clk 0:09:27] } e5 { [%clk 0:09:12] } 10. d5 { [%clk
0:09:25] } Nd4 { [%clk 0:09:10] } 11. Bg2 { [%clk 0:09:11] } c5 { [%clk
0:08:59] } 12. e3 { [%clk 0:09:09] } Nf5 { [%clk 0:08:52] } 13. Bb2 { [%clk
0:08:56] } Nd7 { [%clk 0:08:23] } 14. Re1 { [%clk 0:08:15] } Re8 { [%clk
0:08:01] } 15. Qd2 { [%clk 0:07:40] } Ne7 { [%clk 0:07:39] } 16. Ne4 { [%clk
0:07:40] } Qc7 { [%clk 0:07:33] } 17. Rac1 { [%clk 0:07:12] } h6 { [%clk
0:07:07] } 18. a3 { [%clk 0:06:49] } f5 { [%clk 0:06:47] } 19. Nc3 { [%clk
0:06:46] } Qb6 { [%clk 0:06:29] } 20. Qc2 { [%clk 0:06:39] } e4 { [%clk
0:06:16] } 21. Na4 { [%clk 0:06:31] } Qc7 { [%clk 0:06:09] } 22. Bxg7 { [%clk
0:06:32] } Kxg7 { [%clk 0:06:08] } 23. Nc3 { [%clk 0:06:19] } Ne5 { [%clk
0:06:06] } 24. Nb5 { [%clk 0:06:07] } Qd7 { [%clk 0:05:48] } 25. Qb2 { [%clk
0:06:03] } Kh7 { [%clk 0:05:33] } 26. Bf1 { [%clk 0:05:39] } Nf3+ { [%clk
0:05:23] } 27. Kg2 { [%clk 0:05:40] } Nxe1+ { [%clk 0:05:23] } 28. Rxe1 { [%clk
0:05:43] } a6 { [%clk 0:05:23] } 29. Nc3 { [%clk 0:05:42] } b5 { [%clk 0:05:19]
} 30. cxb5 { [%clk 0:05:35] } Qc8 { [%clk 0:05:11] } 31. bxa6 { [%clk 0:04:11]
} Rb8 { [%clk 0:04:41] } 32. Bb5 { [%clk 0:03:34] } Rf8 { [%clk 0:04:12] } 33.
a4 { [%clk 0:03:31] } g5 { [%clk 0:03:27] } 34. h3 { [%clk 0:02:53] } Ng6 {
[%clk 0:03:02] } 35. Nb1 { [%clk 0:02:02] } Ne5 { [%clk 0:02:35] } 36. Nd2 {
[%clk 0:02:01] } Rxb5 { [%clk 0:02:13] } 37. axb5 { [%clk 0:01:48] } Nd3 {
[%clk 0:02:07] } 38. Qa1 { [%clk 0:01:43] } Nxe1+ { [%clk 0:02:04] } 39. Qxe1 {
[%clk 0:01:42] } Qb8 { [%clk 0:01:58] } 40. Qe2 { [%clk 0:01:39] } Re8 { [%clk
0:01:29] } 41. g4 { [%clk 0:01:21] } f4 { [%clk 0:01:10] } 42. exf4 { [%clk
0:01:05] } gxf4 { [%clk 0:01:09] } 43. Nxe4 { [%clk 0:00:58] } Rf8 { [%clk
0:00:43] } 44. f3 { [%clk 0:00:49] } Qa8 { [%clk 0:00:37] } 45. b6 { [%clk
0:00:34] } Qxd5 { [%clk 0:00:21] } 46. b7 { [%clk 0:00:28] } Qxb3 { [%clk
0:00:18] } 47. Nxd6 { [%clk 0:00:19] } Qc3 { [%clk 0:00:07] } 48. Qe7+ { [%clk
0:00:12] } Kg8 { [%clk 0:00:05] } 49. Qxf8+ { [%clk 0:00:12] } Kxf8 { [%clk
0:00:05] } 50. b8=Q+ { [%clk 0:00:12] } Ke7 { [%clk 0:00:06] } 51. Nf5+ { [%clk
0:00:14] } Kf6 { [%clk 0:00:06] } 52. Qd6+ { [%clk 0:00:15] } Kf7 { [%clk
0:00:07] } 53. Qe7+ { [%clk 0:00:14] } Kg8 { [%clk 0:00:05] } 54. Nxh6+ { [%clk
0:00:05] } Kh8 { [%clk 0:00:04] } 55. Nf7+ { [%clk 0:00:06] } Kg8 { [%clk
0:00:04] } 56. Qe8+ { [%clk 0:00:04] } Kg7 { [%clk 0:00:06] } 57. Qh8+ { [%clk
0:00:06] } Kxf7 { [%clk 0:00:07] } 58. Qxc3 { [%clk 0:00:05] } Ke6 { [%clk
0:00:08] } 59. Qc4+ { [%clk 0:00:08] } Kd6 { [%clk 0:00:10] } 60. a7 { [%clk
0:00:11] } Kc7 { [%clk 0:00:12] } 61. a8=Q { [%clk 0:00:12] } Kd6 { [%clk
0:00:12] } 62. Qad5+ { [%clk 0:00:13] } Ke7 { [%clk 0:00:12] } 63. Qcxc5+ {
[%clk 0:00:16] } Kf6 { [%clk 0:00:13] } 64. Qcc6+ { [%clk 0:00:18] } Kg7 {
[%clk 0:00:14] } 65. Qdd7+ { [%clk 0:00:19] } Kg8 { [%clk 0:00:11] } 66. Qcc8#
{ [%clk 0:00:20] } 1-0

[Event "Королевский Гамбит. Южный Федеральный округ."]
[Date "2025-11-21"]
[Round "4.3"]
[Board "3"]
[White "Бездорожный Мирослав"]
[WhiteElo "981"]
[Black "Панкратов Никита"]
[BlackElo "980"]
[WebSite "https://www.chessopen.ru"]
[GameId "b5f97ac8-f3bc-493a-9f51-1874b866431c"]
[Result "1-0"]

1. e4 { [%clk 0:09:56] } e5 { [%clk 0:09:59] } 2. Nf3 { [%clk 0:09:58] } Nf6 {
[%clk 0:09:59] } 3. Nc3 { [%clk 0:09:58] } Nc6 { [%clk 0:09:58] } 4. Ng5 {
[%clk 0:09:58] } d6 { [%clk 0:09:46] } 5. Bc4 { [%clk 0:09:52] } Bg4 { [%clk
0:09:27] } 6. Nxf7 { [%clk 0:09:51] } Bxd1 { [%clk 0:09:24] } 7. Nxd8 { [%clk
0:09:51] } Rxd8 { [%clk 0:09:21] } 8. Nxd1 { [%clk 0:09:49] } Nxe4 { [%clk
0:09:08] } 9. d3 { [%clk 0:09:30] } Nc5 { [%clk 0:08:58] } 10. O-O { [%clk
0:09:27] } g5 { [%clk 0:08:46] } 11. h3 { [%clk 0:09:22] } Rd7 { [%clk 0:08:29]
} 12. Ne3 { [%clk 0:09:17] } Kd8 { [%clk 0:08:22] } 13. a4 { [%clk 0:08:53] }
Nb4 { [%clk 0:08:04] } 14. c3 { [%clk 0:08:29] } Nc6 { [%clk 0:07:34] } 15. a5
{ [%clk 0:08:06] } Nxa5 { [%clk 0:07:32] } 16. Rxa5 { [%clk 0:08:04] } Nxd3 {
[%clk 0:07:24] } 17. Bxd3 { [%clk 0:08:02] } b6 { [%clk 0:07:06] } 18. Rxa7 {
[%clk 0:07:54] } Kc8 { [%clk 0:06:52] } 19. Bf5 { [%clk 0:07:51] } d5 { [%clk
0:06:02] } 20. Bxd7+ { [%clk 0:07:44] } Kxd7 { [%clk 0:05:56] } 21. Nxd5 {
[%clk 0:07:43] } Bc5 { [%clk 0:05:30] } 22. Rxc7+ { [%clk 0:07:36] } Ke6 {
[%clk 0:05:24] } 23. Re7+ { [%clk 0:07:31] } Kxd5 { [%clk 0:05:20] } 24. Be3 {
[%clk 0:07:29] } Bxe7 { [%clk 0:05:14] } 25. Bxb6 { [%clk 0:07:16] } Bc5 {
[%clk 0:05:05] } 26. Bxc5 { [%clk 0:07:16] } Kxc5 { [%clk 0:05:05] } 27. Rb1 {
[%clk 0:07:05] } Rd8 { [%clk 0:05:00] } 28. b4+ { [%clk 0:07:00] } Kc4 { [%clk
0:04:58] } 29. b5 { [%clk 0:07:00] } Rd2 { [%clk 0:04:26] } 30. b6 { [%clk
0:06:57] } Rd3 { [%clk 0:03:54] } 31. b7 { [%clk 0:06:55] } Rd8 { [%clk
0:03:46] } 32. b8=Q { [%clk 0:06:51] } Rxb8 { [%clk 0:03:43] } 33. Rxb8 { [%clk
0:06:52] } e4 { [%clk 0:03:41] } 34. Rc8+ { [%clk 0:06:51] } Kd3 { [%clk
0:03:37] } 35. Rd8+ { [%clk 0:06:39] } Kxc3 { [%clk 0:03:37] } 36. Kf1 { [%clk
0:06:28] } Kc2 { [%clk 0:03:31] } 37. Ke1 { [%clk 0:06:28] } e3 { [%clk
0:03:26] } 38. fxe3 { [%clk 0:06:21] } g4 { [%clk 0:03:25] } 39. hxg4 { [%clk
0:06:16] } Kc3 { [%clk 0:03:21] } 40. Rh8 { [%clk 0:06:15] } Kd3 { [%clk
0:03:03] } 41. Rxh7 { [%clk 0:06:15] } Kxe3 { [%clk 0:03:03] } 42. g5 { [%clk
0:06:10] } Kf4 { [%clk 0:02:55] } 43. g6 { [%clk 0:06:11] } Kf5 { [%clk
0:02:52] } 44. Rf7+ { [%clk 0:06:11] } Kxg6 { [%clk 0:02:51] } 45. Rf1 { [%clk
0:06:09] } Kg5 { [%clk 0:02:49] } 46. Rg1 { [%clk 0:06:10] } Kg4 { [%clk
0:02:50] } 47. g3 { [%clk 0:06:12] } Kf3 { [%clk 0:02:48] } 48. g4 { [%clk
0:06:09] } Kf4 { [%clk 0:02:48] } 49. g5 { [%clk 0:06:10] } Kf5 { [%clk
0:02:48] } 50. g6 { [%clk 0:06:12] } Kf6 { [%clk 0:02:48] } 51. g7 { [%clk
0:06:14] } Ke5 { [%clk 0:02:48] } 52. g8=Q { [%clk 0:06:13] } Ke4 { [%clk
0:02:49] } 53. Qf8 { [%clk 0:06:12] } Ke3 { [%clk 0:02:48] } 54. Rg7 { [%clk
0:06:09] } Kd4 { [%clk 0:02:45] } 55. Re7 { [%clk 0:06:10] } Kd5 { [%clk
0:02:44] } 56. Qd8+ { [%clk 0:06:11] } Kc6 { [%clk 0:02:43] } 57. Rc7+ { [%clk
0:06:12] } Kb5 { [%clk 0:02:41] } 58. Qb8+ { [%clk 0:06:13] } Ka5 { [%clk
0:02:42] } 59. Kd2 { [%clk 0:06:13] } Ka4 { [%clk 0:02:37] } 60. Ra7# { [%clk
0:06:14] } 1-0

[Event "Королевский Гамбит. Южный Федеральный округ."]
[Date "2025-11-21"]
[Round "4.3"]
[Board "3"]
[White "Дружинин Артём"]
[WhiteElo "1000"]
[Black "Сухомлин Маргарита"]
[BlackElo "991"]
[WebSite "https://www.chessopen.ru"]
[GameId "67e1d911-b9a7-4766-88a0-3d150ad62afc"]
[Result "1-0"]

1. d4 { [%clk 0:09:59] } d5 { [%clk 0:10:00] } 2. Bf4 { [%clk 0:09:59] } e6 {
[%clk 0:09:55] } 3. e3 { [%clk 0:09:57] } c5 { [%clk 0:09:56] } 4. c3 { [%clk
0:09:54] } Nc6 { [%clk 0:09:49] } 5. Nf3 { [%clk 0:09:52] } Nf6 { [%clk
0:09:44] } 6. Bb5 { [%clk 0:09:50] } a6 { [%clk 0:09:43] } 7. Bxc6+ { [%clk
0:09:48] } bxc6 { [%clk 0:09:43] } 8. Ne5 { [%clk 0:09:48] } cxd4 { [%clk
0:09:31] } 9. exd4 { [%clk 0:09:43] } Qd6 { [%clk 0:09:24] } 10. Qd2 { [%clk
0:09:36] } Ne4 { [%clk 0:09:11] } 11. Qe3 { [%clk 0:09:20] } f6 { [%clk
0:09:04] } 12. Nf7 { [%clk 0:09:10] } Qd7 { [%clk 0:08:47] } 13. Nxh8 { [%clk
0:08:59] } g5 { [%clk 0:08:47] } 14. Bg3 { [%clk 0:08:52] } c5 { [%clk 0:08:39]
} 15. Qe2 { [%clk 0:08:42] } cxd4 { [%clk 0:08:33] } 16. cxd4 { [%clk 0:08:39]
} Bb4+ { [%clk 0:08:32] } 17. Kf1 { [%clk 0:08:30] } a5 { [%clk 0:08:18] } 18.
Qh5+ { [%clk 0:08:25] } Kd8 { [%clk 0:08:16] } 19. Nf7+ { [%clk 0:08:19] } Ke7
{ [%clk 0:08:06] } 20. Qxh7 { [%clk 0:08:08] } Ba6+ { [%clk 0:08:06] } 21. Kg1
{ [%clk 0:07:41] } Qc6 { [%clk 0:07:50] } 22. Ne5+ { [%clk 0:07:36] } Kd6 {
[%clk 0:07:39] } 23. Nxc6+ { [%clk 0:07:32] } Kxc6 { [%clk 0:07:24] } 24. a3 {
[%clk 0:07:04] } Bf8 { [%clk 0:06:19] } 25. Qc7+ { [%clk 0:06:51] } Kb5 { [%clk
0:06:05] } 26. a4+ { [%clk 0:06:49] } Kb4 { [%clk 0:06:02] } 27. Nc3 { [%clk
0:06:36] } Rc8 { [%clk 0:05:57] } 28. Qb6+ { [%clk 0:06:19] } Kc4 { [%clk
0:05:47] } 29. Nxe4 { [%clk 0:05:46] } Kd3 { [%clk 0:05:19] } 30. Qb3+ { [%clk
0:04:59] } Kxe4 { [%clk 0:05:17] } 31. Qe3+ { [%clk 0:04:39] } Kf5 { [%clk
0:05:16] } 32. Qf3+ { [%clk 0:04:31] } Kg6 { [%clk 0:05:16] } 33. h4 { [%clk
0:04:27] } Bh6 { [%clk 0:04:44] } 34. h5+ { [%clk 0:04:16] } Kh7 { [%clk
0:04:40] } 35. Qxf6 { [%clk 0:04:04] } Rg8 { [%clk 0:04:10] } 36. Qf7+ { [%clk
0:04:00] } Rg7 { [%clk 0:04:07] } 37. Qxe6 { [%clk 0:03:57] } Bd3 { [%clk
0:04:04] } 38. Be5 { [%clk 0:03:44] } Rg8 { [%clk 0:03:36] } 39. Qf7+ { [%clk
0:03:40] } Rg7 { [%clk 0:03:29] } 40. Bxg7 { [%clk 0:03:37] } Bxg7 { [%clk
0:03:29] } 41. h6 { [%clk 0:03:30] } Bg6 { [%clk 0:03:24] } 42. Qxg7# { [%clk
0:03:27] } 1-0

[Event "Королевский Гамбит. Южный Федеральный округ."]
[Date "2025-11-21"]
[Round "4.3"]
[Board "3"]
[White "Крутых София"]
[WhiteElo "1019"]
[Black "Коновалов Владислав"]
[BlackElo "1019"]
[WebSite "https://www.chessopen.ru"]
[GameId "03c83a70-8c80-4ea8-862f-0a067594b047"]
[Result "0-1"]

1. e4 { [%clk 0:10:00] } c5 { [%clk 0:09:53] } 2. Nf3 { [%clk 0:09:58] } Nc6 {
[%clk 0:09:50] } 3. Nc3 { [%clk 0:09:58] } g6 { [%clk 0:09:50] } 4. d3 { [%clk
0:10:00] } Bg7 { [%clk 0:09:46] } 5. Bg5 { [%clk 0:09:59] } d6 { [%clk 0:09:46]
} 6. h3 { [%clk 0:09:58] } h6 { [%clk 0:09:46] } 7. Bh4 { [%clk 0:09:58] } Nf6
{ [%clk 0:09:39] } 8. Bxf6 { [%clk 0:09:58] } Bxf6 { [%clk 0:09:38] } 9. Be2 {
[%clk 0:09:54] } O-O { [%clk 0:09:35] } 10. O-O { [%clk 0:09:53] } Be6 { [%clk
0:09:18] } 11. Nb1 { [%clk 0:09:36] } Bxb2 { [%clk 0:09:16] } 12. Nfd2 { [%clk
0:09:27] } Bxa1 { [%clk 0:09:15] } 13. Na3 { [%clk 0:09:27] } Bf6 { [%clk
0:09:14] } 14. Nf3 { [%clk 0:09:09] } Qa5 { [%clk 0:08:37] } 15. Nc4 { [%clk
0:09:07] } Bxc4 { [%clk 0:08:29] } 16. dxc4 { [%clk 0:09:08] } Qxa2 { [%clk
0:08:28] } 17. Qa1 { [%clk 0:09:07] } Bxa1 { [%clk 0:08:20] } 18. Bd3 { [%clk
0:08:48] } Nb4 { [%clk 0:07:50] } 19. Rd1 { [%clk 0:08:32] } Nxd3 { [%clk
0:07:42] } 20. Rxd3 { [%clk 0:08:31] } Qb1+ { [%clk 0:07:36] } 21. Kh2 { [%clk
0:08:28] } Be5+ { [%clk 0:07:34] } 22. Nxe5 { [%clk 0:08:27] } dxe5 { [%clk
0:07:32] } 23. Rd5 { [%clk 0:08:27] } Qxc2 { [%clk 0:07:13] } 24. Rxc5 { [%clk
0:08:25] } a5 { [%clk 0:07:06] } 25. Rxe5 { [%clk 0:08:23] } a4 { [%clk
0:07:03] } 26. Rb5 { [%clk 0:08:22] } a3 { [%clk 0:07:02] } 27. Rxb7 { [%clk
0:08:19] } a2 { [%clk 0:07:02] } 28. Rxe7 { [%clk 0:08:20] } a1=Q { [%clk
0:06:56] } 29. c5 { [%clk 0:08:19] } Qxc5 { [%clk 0:06:33] } 30. e5 { [%clk
0:08:18] } Qxe7 { [%clk 0:06:26] } 31. e6 { [%clk 0:08:17] } Qxe6 { [%clk
0:06:11] } 32. f4 { [%clk 0:08:13] } g5 { [%clk 0:05:23] } 33. fxg5 { [%clk
0:08:07] } Qee5+ { [%clk 0:05:19] } 34. g3 { [%clk 0:08:04] } Qe2# { [%clk
0:05:18] } 0-1